00345cam a22001097a 4500008004000000082001600040245010600056260001800162300001000180650002500190700002000215180718b1959 xxu||||| |||| 00| 0 eng d aB11x52 K156 aJapanese popular culture: studies in mass communication and cultural changecedited by Hidetoshi Kato aTokyobc1959 a223p. aCivilization - Japan aKato, Hidetoshi